Walkers Crisp Flavours Quiz Stats

 Plays Quiz not verified by Sporcle

Challenge
Share
Tweet
Embed
Score 0/35 Timer 03:00
0 Plays Today
Range Flavour % Correct
Walkers CrispsCheese and Onion
97.8%
Walkers LightsCheese and Onion
97.8%
Walkers MaxCheese and Onion
97.8%
Walkers BakedCheese and Onion
97.8%
Walkers CrispsSalt and Vinegar
95.7%
Walkers BakedSalt and Vinegar
95.7%
Walkers CrispsReady Salted
94.6%
Walkers BakedReady Salted
94.6%
Walkers CrispsPrawn Cocktail
93.5%
Walkers CrispsRoast Chicken
77.2%
Walkers CrispsSmoky Bacon
64.1%
Walkers CrispsWorcester Sauce
52.2%
Walkers CrispsPickled Onion
42.4%
Walkers CrispsTomato Ketchup
40.2%
Walkers CrispsSteak and Onion
37%
Walkers MaxPaprika
37%
Walkers CrispsSour Cream and Chive
33.7%
Walkers LightsSour Cream and Chive
33.7%
Range Flavour % Correct
Walkers BakedSour Cream and Chive
33.7%
Walkers CrispsBBQ Rib
22.8%
Walkers CrinklesSweet Chilli
16.3%
Walkers Extra CrunchyFlame Grilled Steak
8.7%
Walkers CrinklesSalt and Malt Vinegar
6.5%
Walkers CrispsSpicy
6.5%
Walkers Extra CrunchySalt and Malt Vinegar
6.5%
Walkers LightsSimply Salted
4.3%
Walkers Extra CrunchySimply Salted
4.3%
Walkers CrinklesCheddar and Onion
4.3%
Walkers CrispsTurkey and Stuffing
3.3%
Walkers MaxCheese Burger
2.2%
Walkers CrispsCheddar Cheese and Bacon
2.2%
Walkers MaxChargrilled Steak
0%
Walkers Extra CrunchyCheddar and Sour Cream
0%
Walkers Extra CrunchySweet Chilli Chicken
0%
Walkers CrinklesSimply Sea Salted
0%

You're not logged in!

Compare scores with friends on all Sporcle quizzes.
OR
Log In

You Might Also Like...

Show Comments

Extras

Created Jan 22, 2012ReportNominate
Tags:Walkers Crisps

Top Quizzes Today


Score Distribution

Your Account Isn't Verified!

In order to create a playlist on Sporcle, you need to verify the email address you used during registration. Go to your Sporcle Settings to finish the process.

Report this User

Report this user for behavior that violates our Community Guidelines.

Details: